Score 0/11 Timer 01:00
0 Plays Today
Clue 4-Letter Word % Correct
Bottom of a shoeSOLE
96.8%
Time for deals at Macy'sSALE
93.8%
Not allSOME
90.2%
Prevent a goal from happeningSAVE
88.9%
Opposite of receivedGAVE
88.6%
• Digital clock readout ••TIME•
81.4%
Heavy bookTOME
79.7%
Musical soundTONE
79.5%
Where the catcher crouchesHOME
78.9%
To sharpenHONE
77.3%
• Deer or moose, when hunted ••GAME•
74.5%

Today's Daily Dose

Remove Ads.
Support Sporcle.
Get the best of Sporcle when you Go Orange. This ad-free experience offers more features, more stats, and more fun while also helping to support Sporcle. Thank you for becoming a member.

You're not logged in!

Compare scores with friends on all Sporcle quizzes.
OR
Log In

Show Comments

Extras

Top Quizzes Today


Score Distribution

Your Account Isn't Verified!

In order to create a playlist on Sporcle, you need to verify the email address you used during registration. Go to your Sporcle Settings to finish the process.

Report this User

Report this user for behavior that violates our Community Guidelines.

Details: